000 00523nam a22001457a 4500
020 _a978-1-4169-7870-1
082 _a823
_bDIX/H
100 _aDIXON, FRANKLIN W
245 _aTHE HARDY BOYS - X-PLOSION
260 _aNEW YORK
_bALADDIN PAPERBACKS
_c2009
300 _a150
520 _aIn X-plosion, Frank and Joe must trail pro skater Cody Zane, brought to Galaxy X for the grand opening, and find out who would want to end his career just as it's about to explode. . . .
650 _aMYSTERY
_zUNITED STATES
942 _cBK
999 _c7838
_d7838